El exvoto Peres Maldonado (1777), Aguascalientes, México: (Record no. 11088)

MARC details
000 -CABECERA
campo de control de longitud fija 00974nam a22002417a 4500
003 - IDENTIFICADOR DEL NÚMERO DE CONTROL
campo de control FranzMayer
005 - FECHA Y HORA DE LA ÚLTIMA TRANSACCIÓN
campo de control 20250821164027.0
008 - DATOS DE LONGITUD FIJA--INFORMACIÓN GENERAL
campo de control de longitud fija 250821b2023 mx a||||r|||| 001 0 spa d
020 ## - NÚMERO INTERNACIONAL ESTÁNDAR DEL LIBRO
Número Internacional Estándar del Libro 9786078909278
040 ## - FUENTE DE LA CATALOGACIÓN
Centro catalogador/agencia de origen BMFM
Centro/agencia transcriptor BMFM
050 ## - SIGNATURA TOPOGRÁFICA DE LA BIBLIOTECA DEL CONGRESO
Número de clasificación N7914.A58
Número de documento/Ítem R85
100 1# - ENTRADA PRINCIPAL--NOMBRE DE PERSONA
Nombre de persona Ruiz Esparza Díaz De León, Blanca
Término indicativo de función/relación autor
9 (RLIN) 30037
245 13 - MENCIÓN DE TÍTULO
Título El exvoto Peres Maldonado (1777), Aguascalientes, México:
Resto del título Estudio iconográfico /
Mención de responsabilidad, etc. Blanca Ruiz Esparza Díaz de León, , Héctor Omar González Romo.
300 ## - DESCRIPCIÓN FÍSICA
Extensión 300 p.
Otras características físicas Ilustraciones a color
Dimensiones 16 cm
504 ## - NOTA DE BIBLIOGRAFÍA, ETC.
Nota de bibliografía, etc. Incluye referencias bibliográficas (páginas 281-300)
650 #0 - PUNTO DE ACCESO ADICIONAL DE MATERIA--TÉRMINO DE MATERIA
Término de materia o nombre geográfico como elemento de entrada Arte cristiano y simbolismo
Subdivisión cronológica Siglo XVIII.
Subdivisión geográfica México
-- Aguascalientes
9 (RLIN) 30038
650 #0 - PUNTO DE ACCESO ADICIONAL DE MATERIA--TÉRMINO DE MATERIA
Término de materia o nombre geográfico como elemento de entrada Arte cristiano y simbolismo
Subdivisión cronológica Periodo moderno, 1500-
Subdivisión geográfica México
9 (RLIN) 4024
650 #6 - PUNTO DE ACCESO ADICIONAL DE MATERIA--TÉRMINO DE MATERIA
Término de materia o nombre geográfico como elemento de entrada Ex voto
9 (RLIN) 30039
650 #6 - PUNTO DE ACCESO ADICIONAL DE MATERIA--TÉRMINO DE MATERIA
Término de materia o nombre geográfico como elemento de entrada Arquitectura interior y arte
9 (RLIN) 30040
700 1# - PUNTO DE ACCESO ADICIONAL--NOMBRE DE PERSONA
Nombre de persona González Romo, Héctor Omar,
Término indicativo de función/relación autor
9 (RLIN) 30041
902 ## - CATALOGADOR
Iniciales KH
942 ## - ELEMENTOS DE PUNTO DE ACCESO ADICIONAL (KOHA)
Fuente del sistema de clasificación o colocación Library of Congress Classification
Tipo de ítem Koha Libros
Holdings
Estado de retiro Estado de pérdida Fuente del sistema de clasificación o colocación Estado dañado No para préstamo Código de colección Localización permanente Ubicación/localización actual Fecha de adquisición Total de préstamos Signatura topográfica completa Fecha visto por última vez Precio válido a partir de Tipo de ítem Koha
El ejemplar forma parte de la colección y puede ser consultado según las políticas vigentes.   Library of Congress Classification     Fondo Contemporáneo Biblioteca del Museo Franz Mayer (Rogerio Casas-Alatriste) Biblioteca del Museo Franz Mayer (Rogerio Casas-Alatriste) 21/08/2025   N7914.A58 R85 21/08/2025 21/08/2025 Libros